ՀՀ Գիտությունների ազգային ակադեմիայի հիմնարար գիտական գրադարան  =   Fundamental Scientific Library of NAS RA

Ռամկավարութեան ոգին կամ անհատականութեան զարգացումը / (Record no. 190894)

MARC details
000 -LEADER
fixed length control field 00761nam a2200181 u 4500
003 - CONTROL NUMBER IDENTIFIER
control field AM-YeHGA
005 - DATE AND TIME OF LATEST TRANSACTION
control field 20250618072740.0
008 - FIXED-LENGTH DATA ELEMENTS--GENERAL INFORMATION
fixed length control field 061207s1920 |||| |||||||||||||arm|d
040 ## - CATALOGING SOURCE
Original cataloging agency AM-YeHGA
090 ## - LOCALLY ASSIGNED LC-TYPE CALL NUMBER (OCLC); LOCAL CALL NUMBER (RLIN)
-- 192363
100 1# - MAIN ENTRY--PERSONAL NAME
Personal name Պողոսյան, Հակոբ,
Dates associated with a name 1890-?
9 (RLIN) 1969
245 10 - TITLE STATEMENT
Title Ռամկավարութեան ոգին կամ անհատականութեան զարգացումը /
Statement of responsibility, etc. Յ.Պ. Պօղոսեան.
260 ## - PUBLICATION, DISTRIBUTION, ETC.
Place of publication, distribution, etc. Պոսթոն :
Name of publisher, distributor, etc. տպ. Ազգ,
Date of publication, distribution, etc. 1920.
300 ## - PHYSICAL DESCRIPTION
Extent 49 էջ ;
Dimensions 19 սմ.
650 14 - SUBJECT ADDED ENTRY--TOPICAL TERM
Topical term or geographic name entry element Կուսակցություններ
General subdivision Ռամկավար ազատական կուսակցություն
856 41 - ELECTRONIC LOCATION AND ACCESS
Uniform Resource Identifier <a href="http://greenstone.flib.sci.am/gsdl/collect/hajgirqn/book/ramkavarutyan_vogin.pdf">http://greenstone.flib.sci.am/gsdl/collect/hajgirqn/book/ramkavarutyan_vogin.pdf</a>
Link text Կարդալ առցանց
942 ## - ADDED ENTRY ELEMENTS (KOHA)
Source of classification or shelving scheme Universal Decimal Classification
Koha item type Գրքեր / Books
Holdings
Withdrawn status Lost status Damaged status Not for loan Collection Home library Current library Date acquired Total checkouts Full call number Barcode Date last seen Price effective from Koha item type Public note Cost, normal purchase price
        General Fundamental Scientific Library Fundamental Scientific Library 28/12/2016   AII/10171 FL0016068 28/12/2016 28/12/2016 Գրքեր / Books 30 Days Loan  
        General Fundamental Scientific Library Fundamental Scientific Library 28/12/2016   AII/25968 220025968 28/12/2016 28/12/2016 Գրքեր / Books 30 Days Loan 50.00
        General Fundamental Scientific Library Fundamental Scientific Library 28/12/2016   AII/25969 220025969 28/12/2016 28/12/2016 Գրքեր / Books 30 Days Loan 50.00
        General Fundamental Scientific Library Fundamental Scientific Library 28/12/2016   AII/25970 220025970 28/12/2016 28/12/2016 Գրքեր / Books 30 Days Loan 50.00


ՀՀ ԳԱԱ հիմնարար գիտական գրադարան
ՀՀ,Երևան 0019
Մարշալ Բաղրամյան 24/6
հեռախոս:(374-10) 52-47-50
Հետադարձ կապ

All site content, except where otherwise noted, is licensed under a
Creative Commons License